000 00523caa a22001812a 4500
001 002288
003 AR-FADEU
008 311216n############xxu####################dd
092 _aPP(344.3)CON
110 _aTribunal de Cuentas de Río Negro
245 _bEl Control externo frente a emprendimientos interjurisdiccionales de distinta naturaleza
245 _aEl Control Público
300 _a55-68
440 _n97
260 _coct. dic. 2001
650 _aRIO NEGRO-CONTROL INTERJURISDICCIONAL
942 _cPPGR
999 _c5066
_d5066